000 00652nam a22002297a 4500
003 UA-OsUOA
001 110207
007 ta
008 20150225b un ||||| |||| 00| 0 ukr d
090 _a821.14
_bА46
942 _cBK
040 _aUA-OsUOA
_brus
_cUA-OsUOA
_dUA-OsUOA
245 _aАлександрийская поэзия
_cред. С. Ошеров
300 _a430 с.
955 _a0
041 _arus
080 _a821.14
591 _aСтупчук А.
260 _aМ.
_bХудожественная литература
_c1971
650 7 _a82 Література. Літературознавство
_2UDC
999 _c396135
_d396135